Airliners of ANA - Statistics

General Stats
  • This quiz has been taken 79 times
  • The average score is 10 of 13
Answer Stats
Answer % Correct
Airbus A320-200NEO
93%
Boeing 777-300
89%
Boeing 777-300ER
89%
Boeing 787-9
89%
Airbus A321-200
85%
Airbus A321-200NEO
85%
Boeing 787-8
83%
Boeing 787-10
81%
Boeing 737-800
80%
Boeing 777-200ER
80%
Boeing 767-300ER
76%
Airbus A380-800
70%
Bombardier Dash 8 Q400
44%
No matching quizzes found
Score Distribution
Percent of People with Each Score
Percentile by Number Answered
Your Score History
You have not taken this quiz